[Event "Liptovsky Jan Slovak op U2200"]
[Site "Liptovsky Jan"]
[Date "2021.06.18"]
[Round "3"]
[White "Stevik, Patrik1111"]
[Black "Sygulski, Piotr"]
[Result "1/2-1/2"]
[WhiteElo "2101"]
[BlackElo "1819"]
[PlyCount "150"]
[EventDate "2021.06.17"]
[EventType "swiss"]
[EventRounds "7"]
[EventCountry "SVK"]
[SourceTitle "CBM 203 Extra"]
[Source "ChessBase"]
[SourceDate "2021.09.30"]
[SourceVersion "1"]
[SourceVersionDate "2021.09.30"]
[SourceQuality "1"]

1. b3 Nf6 2. Bb2 d5 3. Nf3 g6 4. c4 c6 5. g3 Bg7 6. Bg2 0-0 7. 0-0 Bf5 8. d3 Re8 9. Nbd2 Na6 10. Re1 Qb6 11. h3 Rad8 12. a3 Bc8 13. Qc2 d4 14. Nxd4 Rxd4 15. c5 Qd8 16. Bxd4 Qxd4 17. Rac1 Be6 18. Nf3 Qd7 19. Ng5 Nc7 20. Nxe6 Qxe6 21. b4 h5 22. Qc4 Qd7 23. a4 a6 24. Rcd1 Nh7 25. d4 e6 26. Rd3 Rd8 27. Red1 Nf6 28. e4 Kh7 29. b5 axb5 30. axb5 Nxe4 31. Bxe4 Nxb5 32. d5 exd5 33. Bxd5 cxd5 34. Rxd5 Qe6 35. Rxh5+ gxh5 36. Qc2+ Qg6 37. Qxg6+ Kxg6 38. Rxd8 Bd4 39. Rd7 Bxc5 40. Rxb7 Nd4 41. Kg2 Ne6 42. Rb5 Be7 43. Ra5 Bc5 44. h4 Be7 45. Kh3 Ng7 46. f3 f5 47. g4 fxg4+ 48. fxg4 hxg4+ 49. Kxg4 Bxh4 50. Kxh4 Kf6 51. Kg4 Ne6 52. Rd5 Nc7 53. Rf5+ Ke6 54. Rh5 Nd5 55. Kf3 Kd6 56. Rh6+ Ke5 57. Rh8 Nf6 58. Rh1 Kf5 59. Ra1 Ke5 60. Ke3 Nd5+ 61. Kd3 Nf4+ 62. Kc4 Ke4 63. Re1+ Kf3 64. Re8 Ne2 65. Kd5 Nf4+ 66. Ke5 Nd3+ 67. Kf5 Nf2 68. Ra8 Ke3 69. Ra4 Nd3 70. Re4+ Kd2 71. Rh4 Ke3 72. Ke6 Nf4+ 73. Kf6 Nd3 74. Kf5 Nf2 75. Ra4 Nd3 1/2-1/2

[Event "Malopolska Region-chB"]
[Site "Krakow"]
[Date "2021.06.05"]
[Round "4"]
[White "Sygulski, Piotr"]
[Black "Budzisz, Adrian"]
[Result "1-0"]
[WhiteElo "1819"]
[BlackElo "1858"]
[PlyCount "71"]
[EventDate "2021.06.03"]
[EventType "swiss"]
[EventRounds "7"]
[EventCountry "POL"]
[SourceTitle "EXT 2023"]
[Source "ChessBase"]
[SourceDate "2022.10.05"]
[SourceVersion "1"]
[SourceVersionDate "2022.10.05"]
[SourceQuality "1"]

1. d4 Nf6 2. c4 g6 3. Nc3 Bg7 4. Bg5 h6 5. Bh4 0-0 6. e3 c5 7. Nf3 d6 8. Be2 a6 9. h3 Nbd7 10. 0-0 e6 11. Bg3 cxd4 12. Qxd4 Ne8 13. Qd2 e5 14. Rfd1 f5 15. Qd5+ Kh7 16. c5 f4 17. exf4 exf4 18. Bh4 Ndf6 19. Bxf6 Rxf6 20. Qd2 Bd7 21. Ne4 Re6 22. Qxf4 Rxe4 23. Qxe4 Bc6 24. Qf4 Qe7 25. cxd6 Nxd6 26. Bd3 Nf7 27. Re1 Qf6 28. Qg4 Bxf3 29. Qxf3 Qxf3 30. gxf3 Ne5 31. Be4 Rb8 32. Rac1 h5 33. Rc7 b5 34. f4 Nc4 35. b3 Nd2 36. Bg2 1-0

[Event "Krakow Olimpic op"]
[Site "Krakow"]
[Date "2019.10.04"]
[Round "1"]
[White "Kasperek, Ryszard"]
[Black "Sygulski, Piotr"]
[Result "1-0"]
[WhiteElo "2198"]
[BlackElo "1531"]
[PlyCount "47"]
[EventDate "2019.10.04"]
[EventType "swiss"]
[EventRounds "5"]
[EventCountry "POL"]
[SourceTitle "EXT 2020"]
[Source "ChessBase"]
[SourceDate "2019.10.17"]
[SourceVersion "1"]
[SourceVersionDate "2019.10.17"]
[SourceQuality "1"]

1. Nf3 Nf6 2. g3 d5 3. Bg2 g6 4. c4 c6 5. b3 Bg7 6. Bb2 0-0 7. 0-0 Nbd7 8. d3 e6 9. Nbd2 a5 10. a3 Re8 11. Rc1 Nh5 12. Qc2 Bxb2 13. Qxb2 Qf6 14. d4 Ng7 15. e4 Nf8 16. Rfe1 Qd8 17. Ne5 Nd7 18. Nxd7 Qxd7 19. Nf3 Rb8 20. Ne5 Qd6 21. Ng4 Kf8 22. Nf6 Rd8 23. Nxh7+ Kg8 24. Nf6+ 1-0